Boyun eğmeyen ülke (Record no. 2048)

MARC details
000 -BAŞLIK
Sabit Uzunlukta Kontrol Alanı 00601na a2200205 4500
001 - KONTROL NUMARASI
Denetim Alanı 15693
003 - KONTROL NUMARASI IDENTIFIER
Denetim Alanı MIRAKIL
005 - SON İŞLEM TARİHİ VE ZAMANI
Denetim Alanı 20181213154843.0
008 - SABİT-BOY VERİ ELEMANLARI - GENEL BİLGİLER
Sabit Uzunlukta Kontrol Alanı 160921b tu 000 0
040 ## - KATALOGLAMA KAYNAK
Orijinal Kataloglama Ajansı Milas
Kataloglama Dili tur
Metne Dönüştürmek Ajansı TR-AnCHP
082 ## - DEWEY ONLU SINIFLANDIRMA NUMARASI
Sınıflandırma Numarası 889.134
Ürün Numarası R57b
090 ## - SINIFLAMA NUMARASI
Sınıflama Numarası 889.134 R57b 1979
100 ## - ANA GİRİŞ - KİŞİSEL İSİM
Kişisel Ad Ritsos, Yannis
Bir Adıyla İlişkilendirilen Tarihler 1909 - 1990
245 ## - BAŞLIK TABLOSU
Başlık Boyun eğmeyen ülke
Sorumluluk Tablosu, Vb Yannis Ritsos ; Türkçesi Özdemir İnce, Herkül Millas
260 ## - YAYIN, DAĞITIM, VB
Yayın, Dağıtım, Vb Yeri Ankara
Yayıncı, Dağıtıcı, Vs Adı Çark yayınevi
Yayın, Dağıtım, Vb Tarihi 1979
300 ## - FİZİKSEL TANIM
Kapsam 102 s.
Boyutlar 20 sm.
490 ## - SERİSİ TABLOSU
Seri Beyanı Şiir dizisi
Hacim / Ardışık Tanımı 1
650 ## - KONU KATMA GİRİŞ - TOPİKAL DÖNEM
Topikal Süreli Veya Coğrafi Ad Giriş Elemanı Yunan edebiyatı
Genel Alt Bölümü Şiir
Coğrafi Alt Bölümü Yunanistan
942 ## - EKLENDİ GİRİŞ ELEMANLARI (KOHA)
Sınıflandırma Veya Raf Düzeni Kaynak Dewey Decimal Classification
Koha Öğesi Türü Books
999 ## - SİSTEM KONTROL NUMARALARI (KOHA)
Koha Biblionumber 2048
Koha Biblioitemnumber 2048
Holdings
Kalıcı Konum Mevcut Konum Edinme Tarihi Edinim Kaynak Toplam Check-Out'Lar Tam Çağrı Numarası Barkod Tarih Son Görülme İtibaren Geçerli Fiyatlar Koha Öğesi Türü
CHP Kütüphanesi CHP Kütüphanesi 09/21/2016 Bağış   889.134 R57b 1979 005584 09/21/2016 09/21/2016 Books